000 01044naa a22003017a 4500
001 BR8305199
003 BR-BrBNA
005 20240918175333.0
007 ta
008 230509b bl.||||| |||| 00| 0 por d
040 _aBR-BrBNA
_bpor
_cBiblioteca Nacional de Agricultura
041 _a(Pt)
072 _aF27
_b0336
_b0120
090 _aF27 BR8305199
100 1 _aVieira, S.A.
100 1 _aBen, J.R.
100 1 _aMarques, G.L.
111 1 _a9. Reuniao de Pesquisa de Soja da Regiao Sul
_cSanta Maria, RS (Brazil)
_d2-4 Aug 1983
245 1 _aAvaliacao sobre o cultivo exclusivo e consorciado de soja e milho
260 3 _aPasso Fundo, RS (Brasil):
_c1983.
500 _aSoja. Resultados de Pesquisa, 1982-1983 Passo Fundo, RS (Brasil): 1983. p. 48-54 (BR8305199-AM)F27
650 _aSOJA
650 _aMILHO
650 _aCONSORCIACAO DE CULTURA
773 0 _tSoja. Resultados de Pesquisa, 1982-1983
_wF27 BR8305199
_gPasso Fundo, RS (Brasil), 1983. p. 48-54
909 _a202404
_bLucia
_c55
_dLucia Elande
942 _cAM
_2AGRIS
999 _c316220
_d316220